LEADER 01150nam0-2200373---450- 001 990008862130403321 005 20091120112055.0 010 $a88-386-6196-0 035 $a000886213 035 $aFED01000886213 035 $a(Aleph)000886213FED01 035 $a000886213 100 $a20090604d2006----km-y0itay50------ba 101 1 $aita$ceng 102 $aIT 105 $aaf------001yy 200 1 $aEvoluzione$ela storia della vita e i suoi meccanismi$fMark Ridley$gedizione italiana a cura di Marco Ferraguti ; traduzione di Isabella C. Blum 210 $aMilano [etc.]$cMcGraw Hill$d©2006 215 $aXXIV, 701 p., VIII p. di tav.$cill.$d26 cm 454 0$1001000148818$12001$aEvolution$1210$cOxford [England]$d1997$957567 610 0 $aEvoluzione 676 $a576.8 702 1$aRidley,$bMark 702 1$aFerraguti,$bMarco 702 1$aBlum,$bIsabella 801 0$aIT$bUNINA$gRICA$2UNIMARC 901 $aBK 912 $a990008862130403321 952 $a576.8-RID-1$b5646$fSC1 952 $a576.8-RID-1A$b5654$fSC1 952 $a576.8-RID-1B$b5655$fSC1 959 $aSC1 996 $aEvolution$957567 997 $aUNINA LEADER 01619nam 2200397 450 001 9910412115803321 005 20230822060953.0 035 $a(CKB)5280000000242824 035 $a(NjHacI)995280000000242824 035 $a(EXLCZ)995280000000242824 100 $a20230822d2019 uy 0 101 0 $aeng 135 $aur||||||||||| 181 $ctxt$2rdacontent 182 $cc$2rdamedia 183 $acr$2rdacarrier 200 00$aProceedings of the 15th International Symposium on Open Collaboration /$forganizers, Bjo?rn Lundell [and three others] 210 1$aNew York :$cAssociation for Computing Machinery,$d2019. 215 $a1 online resource (197 pages) $cillustrations 225 0 $aACM Conferences 311 $a1-4503-6319-9 330 $aWe are very pleased to host the premier conference on open collaboration research and practice at the University of SkA?¶vde, Sweden and thereby promote stimulating discussions and dissemination of results in many areas of open collaboration, including open source, open data, open science, open education, wikis and related social media, Wikipedia, and IT-driven open innovation research. 606 $aOpen learning 606 $aWeb sites$xDesign 606 $aOpen source software 615 0$aOpen learning. 615 0$aWeb sites$xDesign. 615 0$aOpen source software. 676 $a374.4 702 $aLundell$b Bjo?rn 801 0$bNjHacI 801 1$bNjHacl 906 $aBOOK 912 $a9910412115803321 996 $aProceedings of the 15th International Symposium on Open Collaboration$91965670 997 $aUNINA LEADER 03651nam 2200589 450 001 9910819433003321 005 20200520144314.0 010 $a3-11-059913-9 010 $a3-11-059976-7 024 7 $a10.1515/9783110599763 035 $a(CKB)4100000004244578 035 $a(MiAaPQ)EBC5402477 035 $a(DE-B1597)494768 035 $a(OCoLC)1037981368 035 $a(DE-B1597)9783110599763 035 $a(Au-PeEL)EBL5402477 035 $a(CaPaEBR)ebr11566226 035 $a(EXLCZ)994100000004244578 100 $a20180817d2018 uy 0 101 0 $ager 135 $aurcnu|||||||| 181 $ctxt$2rdacontent 182 $cc$2rdamedia 183 $acr$2rdacarrier 200 14$aDas ho?chste Gut in Kants deontologischer Ethik /$fFlorian Marwede 210 1$aBerlin ;$aBoston :$cDe Gruyter,$d[2018] 210 4$d©2018 215 $a1 online resource (260 pages) 225 1 $aKantstudien-Erga?nzungshefte ;$vBand 206 311 $a3-11-060071-4 327 $tFrontmatter -- $tVorwort -- $tInhalt -- $tEinleitung -- $tTeil I: Kants deontologische Ethik -- $t1. Der kategorische Imperativ und allgemeine Glückseligkeit -- $t2. Gegenstände praktischer Vernunft -- $t3. Kants Kritik an heteronomen Moralbegründungen -- $tTeil II: Das höchste Gut -- $t4. Tugend als erstes Element des höchsten Guts -- $t5. Glückseligkeit als zweites Element des höchsten Guts -- $t6. Die Proportionalität zwischen Sittlichkeit und Glückseligkeit -- $t7. Die Pflicht zur Beförderung des höchsten Guts -- $tSchluss -- $tZitierweise -- $tLiteratur -- $tPersonenregister -- $tSachregister 330 $aDie vorliegende Studie erforscht den Zusammenhang zwischen den Konzepten des höchsten Gutes und des kategorischen Imperativs in Kants praktischer Philosophie. Nach einer originiellen Lesart des Autors gebietet der kategorische Imperativ, das eigene Glück stets nur als Bestandteil allgemeinen Glücks zu verfolgen. Das höchste Gut ist nun derjenige Zustand der Welt, der erreicht würde, wenn alle Menschen diesem Prinzip gemäß handeln würden und ihrem gemeinsamen Streben nach allgemeiner Glückseligkeit auch Erfolg beschieden wäre. Dieser Zustand ist ein notwendiges Ziel vernünftigen Handelns, das sich aus dem kategorischen Imperativ ergibt, dessen Verfolgung aber trotzdem über das bloße Handeln nach verallgemeinerbaren Maximen hinausgeht. Durch eine Neuinterpretation von Kants These, im höchsten Gut sei das Glück stets proportional zur Tugend, gelingt es dem Autor, nicht nur diese These, sondern auch Kants Aussagen über Gerechtigkeit, Glückswürdigkeit und Hoffnung argumentativ an den kategorischen Imperativ zu binden und damit im Kontext des höchsten Guts zu rechtfertigen. Dem Autor zufolge hat das höchste Gut somit eine wichtige eigenständige Funktion in der kantischen Ethik, ohne ihren deontologischen Charakter in Frage zu stellen. 410 0$aKantstudien.$pErga?nzungshefte ;$vBand 206. 606 $aEthics, Modern$y18th century 606 $aMoral motivation$xHistory 606 $aPHILOSOPHY / History & Surveys / Modern$2bisacsh 610 $aKant, Immanuel. 610 $acategorical imperative. 610 $amoral philosophy. 615 0$aEthics, Modern 615 0$aMoral motivation$xHistory. 615 7$aPHILOSOPHY / History & Surveys / Modern. 676 $a170.92 686 $a134.2$2njb/9 700 $aMarwede$b Florian$01647227 801 0$bMiAaPQ 801 1$bMiAaPQ 801 2$bMiAaPQ 906 $aBOOK 912 $a9910819433003321 996 $aDas ho?chste Gut in Kants deontologischer Ethik$93994676 997 $aUNINA